Η αισθητική του περιβάλλοντος

Αποθηκεύτηκε σε:
Λεπτομέρειες βιβλιογραφικής εγγραφής
Κύριος συγγραφέας: Berleant, Arnold, 1932-
Άλλοι συγγραφείς: Αποστολοπούλου, Γεωργία (edtf), Αντωνοπούλου, Μυρτώ (trlf), Γκόγκας, Νικόλαος Α.Ν (Μεταφραστής)
Μορφή: Βιβλίο
Γλώσσα:Greek
English
Δημοσίευση: [Αθήνα] : Ίδρυμα Παναγιώτη και Έφης Μιχελή, [c2004]
Θέματα:
Ετικέτες: Προσθήκη ετικέτας
Δεν υπάρχουν, Καταχωρήστε ετικέτα πρώτοι!

MARC

LEADER 00000cam a2200000 i 4500
001 1/35373
008 061011s2004 gr | ||| |||| ||gre||
020 |a 9607588185  
035 |l 10085516 
040 |a GR-MyUa   |b gre   |e AACR2  
041 1 |a gre  |h eng 
082 7 |a 304.23   |2 (22)  
100 1 |a Berleant, Arnold,   |d 1932- 
245 1 2 |a Η αισθητική του περιβάλλοντος /   |c Arnold Berleant ; επιστημονική επιμέλεια-επιλεγόμενα: Γεωργία Αποστολοπούλου ; μετάφραση: Μυρτώ Αντωνοπούλου, Νικόλαος Α.Ν. Γκόγκας. 
260 |a [Αθήνα] :   |b Ίδρυμα Παναγιώτη και Έφης Μιχελή,   |c [c2004]  
300 |a 376 σ. ;   |c 21 εκ.  
650 0 |a Landscape assessment. 
650 0 |a Environment (Aesthetics) 
650 0 |a Nature (Aesthetics) 
700 1 |a Αποστολοπούλου, Γεωργία,  |e edtf 
700 1 |a Αντωνοπούλου, Μυρτώ,  |e trlf 
700 1 |a Γκόγκας, Νικόλαος Α.Ν.  |e trl 
765 0 8 |i Μετάφραση του:   |t The aesthetics of environment /  
852 |a INST  |b RHODES  |e 20061011  |h 304.23 BER  |p 005400024111  |q 005400024111  |t BK  |y 0 
901 |a BIBL4-2006-3 
970 |a Κόζα   |b Μαρία   |z 2006/10/11